[Event "SVK-ch U16 Girls"]
[Site "Tatralandia"]
[Date "2024.04.10"]
[Round "7"]
[White "Chromulakova, Ema"]
[Black "Rexova, Kristina"]
[Result "0-1"]
[WhiteElo "1000"]
[BlackElo "1015"]
[PlyCount "74"]
[EventDate "2024.04.05"]
[EventType "swiss"]
[EventRounds "9"]
[EventCountry "SVK"]
[SourceTitle "CB16_2024"]
[SourceDate "2024.04.17"]
[SourceVersion "1"]
[SourceVersionDate "2024.04.17"]
[SourceQuality "1"]

1. e4 c5 2. Nc3 Nc6 3. a3 g6 4. Nf3 Bg7 5. b4 cxb4 6. axb4 Nxb4 7. Ra4 Nc6 8. Na2 e6 9. d4 d5 10. Qd3 Nge7 11. g3 0-0 12. Bg2 dxe4 13. Qxe4 Nf5 14. c3 Qd5 15. Qf4 b5 16. Nb4 Nxb4 17. Rxb4 a5 18. Rb2 Bh6 19. Qg4 Bxc1 20. Rb1 Bh6 21. 0-0 Rb8 22. Nd2 Qd6 23. Nf3 Qa3 24. c4 e5 25. d5 Ne3 26. Qe4 Nxf1 27. Rxf1 Bf5 28. Qxe5 bxc4 29. Nd4 Bg7 30. Qf4 Bxd4 31. Qxd4 c3 32. d6 c2 33. Ra1 Qxa1+ 34. Qxa1 Rb1+ 35. Qxb1 cxb1Q+ 36. Bf1 Bh3 37. f3 Qxf1# 0-1

[Event "SVK-ch U16 Girls"]
[Site "Tatralandia"]
[Date "2024.04.09"]
[Round "6"]
[White "Rachelova, Nikola"]
[Black "Chromulakova, Ema"]
[Result "1-0"]
[WhiteElo "1501"]
[BlackElo "1000"]
[PlyCount "117"]
[EventDate "2024.04.05"]
[EventType "swiss"]
[EventRounds "9"]
[EventCountry "SVK"]
[SourceTitle "CB16_2024"]
[SourceDate "2024.04.17"]
[SourceVersion "1"]
[SourceVersionDate "2024.04.17"]
[SourceQuality "1"]

1. e4 e5 2. Nf3 Nc6 3. Bb5 Qe7 4. 0-0 g6 5. c3 Bg7 6. Re1 Nh6 7. h3 0-0 8. d3 Nd8 9. Bc4 b5 10. Bxb5 f6 11. Be3 c5 12. Qd2 Bb7 13. Bxh6 Nf7 14. Bxg7 Kxg7 15. Bc4 Nh6 16. Qe2 d6 17. Nbd2 Rad8 18. Bd5 Bc8 19. Nc4 Ba6 20. Rab1 Bb7 21. Bxb7 Qxb7 22. a3 d5 23. exd5 Qxd5 24. Red1 Rde8 25. Qe4 Qxe4 26. dxe4 Nf7 27. Rd7 a6 28. Rc7 Rc8 29. Rxc8 Rxc8 30. Rd1 Rd8 31. Rxd8 Nxd8 32. Nfd2 Nb7 33. f3 g5 34. Nb3 Kg6 35. Nb6 f5 36. exf5+ Kxf5 37. Nd7 c4 38. Nbc5 Na5 39. Nxa6 Nb3 40. Nac5 Nd2 41. Nb6 Nxf3+ 42. gxf3 Kf4 43. Kf2 h5 44. Nxc4 g4 45. fxg4 hxg4 46. hxg4 e4 47. g5 e3+ 48. Nxe3 Kxg5 49. a4 Kf6 50. a5 Ke5 51. a6 Kd6 52. a7 Kc7 53. a8Q Kd6 54. Qd5+ Ke7 55. Qe6+ Kf8 56. Qd7 Kg8 57. Nf5 Kf8 58. Ne6+ Kg8 59. Qg7# 1-0

[Event "SVK-ch U16 Girls"]
[Site "Tatralandia"]
[Date "2024.04.07"]
[Round "4"]
[White "Chromulakova, Ema"]
[Black "Zuborova, Michaela"]
[Result "1/2-1/2"]
[WhiteElo "1000"]
[BlackElo "1576"]
[PlyCount "72"]
[EventDate "2024.04.05"]
[EventType "swiss"]
[EventRounds "9"]
[EventCountry "SVK"]
[SourceTitle "CB16_2024"]
[SourceDate "2024.04.17"]
[SourceVersion "1"]
[SourceVersionDate "2024.04.17"]
[SourceQuality "1"]

1. e4 c5 2. Nc3 Nc6 3. Nf3 g6 4. g3 Bg7 5. Nd5 d6 6. Bg2 Nf6 7. Nxf6+ Bxf6 8. 0-0 0-0 9. a3 Be6 10. d3 Qd7 11. Qe1 Rfe8 12. Rb1 c4 13. Be3 cxd3 14. cxd3 d5 15. e5 Nxe5 16. Nxe5 Bxe5 17. Bh6 Bf6 18. Qe3 Bf5 19. b4 d4 20. Qf3 Rab8 21. Rbc1 Qa4 22. Rcd1 Qxa3 23. b5 Rec8 24. Rc1 Rxc1 25. Bxc1 Qxd3 26. g4 Qxf3 27. Bxf3 Bd3 28. Re1 Bxb5 29. Ba3 e5 30. Bc5 b6 31. Bd6 Re8 32. Rc1 Bg7 33. Bd5 Bf8 34. Bxf8 Kxf8 35. Rc7 Rd8 36. Rxf7+ Kg8 1/2-1/2

[Event "SVK-ch U12 Girls"]
[Site "Lubovna"]
[Date "2020.08.22"]
[Round "9"]
[White "Chromulakova, Ema"]
[Black "Dudova, Viktoria"]
[Result "0-1"]
[WhiteElo "1000"]
[BlackElo "1091"]
[PlyCount "70"]
[EventDate "2020.08.15"]
[EventType "tourn"]
[EventRounds "9"]
[EventCountry "SVK"]
[SourceTitle "EXT 2021"]
[Source "ChessBase"]
[SourceDate "2020.10.23"]
[SourceVersion "1"]
[SourceVersionDate "2020.10.23"]
[SourceQuality "1"]

1. Nf3 e6 2. Nc3 Nf6 3. e3 Bc5 4. d3 0-0 5. Be2 d5 6. a3 Nc6 7. Qd2 Re8 8. d4 Bb6 9. Rg1 e5 10. dxe5 Nxe5 11. Bb5 c6 12. Be2 Ba5 13. Qd4 Qd6 14. Bd2 Bf5 15. Qa4 b6 16. Ba6 Rad8 17. h3 Ne4 18. g4 Nxf3+ 19. Ke2 Nxg1+ 20. Rxg1 Bg6 21. Bd3 Nc5 22. Qd4 Nxd3 23. cxd3 Bxc3 24. Bxc3 f6 25. Bb4 c5 26. Bxc5 Qxc5 27. Qf4 d4 28. Qg3 dxe3 29. b4 exf2+ 30. Kf1 fxg1Q+ 31. Qxg1 Qxg1+ 32. Kxg1 Re2 33. Kf1 Ra2 34. h4 Rxd3 35. h5 Rd1# 0-1

[Event "SVK-ch U12 Girls"]
[Site "Lubovna"]
[Date "2020.08.21"]
[Round "8"]
[White "Hudakova, Nina"]
[Black "Chromulakova, Ema"]
[Result "1-0"]
[WhiteElo "1024"]
[BlackElo "1000"]
[PlyCount "67"]
[EventDate "2020.08.15"]
[EventType "tourn"]
[EventRounds "9"]
[EventCountry "SVK"]
[SourceTitle "EXT 2021"]
[Source "ChessBase"]
[SourceDate "2020.10.23"]
[SourceVersion "1"]
[SourceVersionDate "2020.10.23"]
[SourceQuality "1"]

1. e4 e5 2. Bc4 Bc5 3. Nf3 Qf6 4. d3 Qg6 5. Ng5 h6 6. Bxf7+ Qxf7 7. Nxf7 Kxf7 8. Qh5+ g6 9. Qxe5 Bd6 10. Qxh8 Bb4+ 11. c3 Bc5 12. Qe5 d6 13. Qg3 Nf6 14. a4 Bd7 15. d4 Bb6 16. a5 Nc6 17. axb6 cxb6 18. Bxh6 Nxe4 19. Qf4+ Bf5 20. g4 Ne7 21. gxf5 Nf6 22. fxg6+ Nxg6 23. Qxd6 Re8+ 24. Kf1 Rh8 25. Bg5 Ne8 26. Qd7+ Kf8 27. Rg1 Rh5 28. Qf5+ Kg7 29. Bf6+ Nxf6 30. Qxg6+ Kf8 31. Qxf6+ Ke8 32. Rg7 Re5 33. dxe5 b5 34. Qe7# 1-0

[Event "SVK-ch U12 Girls"]
[Site "Lubovna"]
[Date "2020.08.15"]
[Round "1"]
[White "Rachelova, Laura"]
[Black "Chromulakova, Ema"]
[Result "1-0"]
[WhiteElo "1000"]
[BlackElo "1000"]
[PlyCount "53"]
[EventDate "2020.08.15"]
[EventType "tourn"]
[EventRounds "9"]
[EventCountry "SVK"]
[SourceTitle "EXT 2021"]
[Source "ChessBase"]
[SourceDate "2020.10.23"]
[SourceVersion "1"]
[SourceVersionDate "2020.10.23"]
[SourceQuality "1"]

1. e4 e6 2. Nf3 Nf6 3. Nc3 Be7 4. e5 Ng4 5. h3 Nh6 6. Bc4 Nc6 7. 0-0 Bc5 8. d3 d5 9. Bb3 0-0 10. Bxh6 gxh6 11. Qd2 f6 12. d4 Bb4 13. Qxh6 Rf7 14. Qh5 Qf8 15. exf6 Rxf6 16. Ng5 Qg7 17. Qe8+ Rf8 18. Qh5 Be7 19. h4 Bd7 20. Rfe1 e5 21. Re3 exd4 22. Rg3 dxc3 23. Nf7 Rxf7 24. Rxg7+ Rxg7 25. Bxd5+ Kf8 26. Qxh7 Rg8 27. Qxg8# 1-0